LEADER 02067nam 2200373 n 450 001 996394627503316 005 20200824120733.0 035 $a(CKB)3810000000009042 035 $a(EEBO)2240855380 035 $a(UnM)99827226e 035 $a(UnM)99827226 035 $a(EXLCZ)993810000000009042 100 $a19950207d1700 uy | 101 0 $aeng 135 $aurbn||||a|bb| 200 04$aThe common accidence examined$b[electronic resource] $eand explained by short questions and answers, according to the very words of the book. Conducing very much to the ease of the teacher, and the benefit of the learner. Being helpful to the better understanding of the rudiments and grounds of grammar, delivered in that and the like introductions to the Latin tongue. Written heretofore, and made use of in Rotheram School, and now publish'd for the profit of young beginners in that and other schools. By Charles Hoole, M.A. late teacher of a private grammar-school near the Token-house Garden in Lothbury, London 210 $aLondon $cprinted by M.C. for A. Armstrong, administratrix of J. Clark late of Mercer's-Chappel, next house to the George in Ironmongers-Lane$d1700 215 $a[4], 153, [5] p 300 $aAn edition of: Hoole, Charles. The common accidents examined. 300 $a"The construction of the eight parts of speech: or The second part of The common accidence" and "The examples of the English rules grammatically construed" have separate title pages; register and pagination are continuous. 300 $aWith a vertical half title reading: Hool's Accidence and Terminations. 300 $aReproduction of the original in the British Library. 330 $aeebo-0018 606 $aLatin language$xGrammar$vEarly works to 1800 615 0$aLatin language$xGrammar 700 $aHoole$b Charles$f1610-1667.$0793350 801 0$bCu-RivES 801 1$bCu-RivES 801 2$bCStRLIN 801 2$bWaOLN 906 $aBOOK 912 $a996394627503316 996 $aThe common accidence examined$92313222 997 $aUNISA LEADER 01069nam a2200277 i 4500 001 991003497039707536 005 20021217151644.0 008 971030s1988 us a b 001 0 eng d 020 $a0874744881 035 $ab11820196-39ule_inst 035 $aLE00301817$9ExL 040 $aDip.to Biologia$beng 082 0 $a592.092 245 00$aIntroduction to the study of meiofauna /$cRobert P. Higgins, Hjalmar Thiel, editors 260 3 $aWashington, D.C :$bSmithsonian Institution Press,$cc1988 300 $a488 p. :$bill. ;$c29 cm 500 $aIncludes bibliographies and indexes 650 0$aMeiofauna 700 1 $aHiggins, Robert P. 700 1 $aThiel, Hjalmar$eauthor$4http://id.loc.gov/vocabulary/relators/aut$0736076 907 $a.b11820196$b14-10-10$c18-12-02 912 $a991003497039707536 945 $aLE003 592 HIG01.01 (1988)$g1$i2003000094350$lle003$o-$pE0.00$q-$rl$s- $t0$u4$v0$w4$x0$y.i1207052x$z18-12-02 996 $aIntroduction to the study of meiofauna$91746779 997 $aUNISALENTO 998 $ale003$b01-01-97$cm$da $e-$feng$gus $h0$i1